Introductory statistical analysis
Salvato in:
| Autore principale: | |
|---|---|
| Altri autori: | |
| Natura: | Libro |
| Lingua: | English |
| Pubblicazione: |
Reading, Mass. : Addison-Wesley Pub. Co.
c1980.
|
| Edizione: | 2 |
| Soggetti: | |
| Tags: |
Aggiungi Tag
Nessun Tag, puoi essere il primo ad aggiungerne!!
|
MARC
| LEADER | 00000nam a2200000Ia 4500 | ||
|---|---|---|---|
| 003 | 000565 | ||
| 005 | 20221231144020.0 | ||
| 008 | 140114s9999 maua 000 ||eng d | ||
| 020 | |a 0201027585 | ||
| 040 | |c cru CEDI | ||
| 082 | |a 311.23 H289i | ||
| 100 | |a Harnett, Donald L. |9 20542 | ||
| 245 | |a Introductory statistical analysis | ||
| 250 | |a 2 | ||
| 260 | |a Reading, Mass. : Addison-Wesley Pub. Co. |c c1980. | ||
| 300 | |a xvii, 595, [61] páginas. : ilustraciones. ; 24 cm. | ||
| 650 | |x ESTADISTICA |x ANALISIS |9 20544 | ||
| 700 | |9 20543 |a Murphy, James L., 1939- | ||
| 942 | |2 ddc |c BK | ||
| 999 | |c 15650 |d 15650 | ||



